[Event "DVM U14 2015"]
[Site "Verden/Aller GER"]
[Date "2015.12.29"]
[Round "5"]
[White "Oganessjan, Artur"]
[Black "Roth, Jakob"]
[Result "1/2-1/2"]
[Termination "normal"]
[Board "2.2"]
[WhiteElo "1815"]
[BlackElo "1774"]
[WhiteTeam "TuRa Harksheide Norderstedt"]
[BlackTeam "Spvgg 1946 Stetten"]
[PlyCount "92"]
[WhiteFideId "12986062"]
[BlackFideId "12952605"]
[EventCountry "GER"]
[EventRounds "7"]
[EventType "team-swiss"]
[EventDate "2015.12.26"]

1. e4 e6 2. d4 d5 3. Nc3 Nf6 4. Bg5 Be7 5. e5 Nfd7 6. Bxe7 Qxe7 7. Bd3 a6 8.
Qd2 c5 9. dxc5 Nxe5 10. Nge2 Qxc5 11. O-O Nbd7 12. Qg5 O-O 13. Nf4 h6 14. Qg3
Nxd3 15. Nxd3 Qb6 16. Rfe1 Nf6 17. Qh4 Qd6 18. Rad1 Bd7 19. Ne5 b5 20. a3 a5
21. Rd3 Rac8 22. Rg3 Kh7 23. Ree3 Ne4 24. Nxd7 Qxd7 25. Nxe4 dxe4 26. Qxe4+ f5
27. Qxe6 Qxe6 28. Rxe6 Rxc2 29. h4 Rxb2 30. Re7 Rg8 31. h5 b4 32. axb4 axb4 33.
Rg6 b3 34. Rb7 Rb1+ 35. Kh2 b2 36. Rg3 Kh8 37. Re3 Rd1 38. Rxb2 Rd7 39. Re5 Rf8
40. f4 Kh7 41. Rb6 Rdf7 42. Rd6 Rf6 43. Rd7 R6f7 44. Ree7 Rxe7 45. Rxe7 Rf6 46.
Re8 Rc6 1/2-1/2

[Event "DVM U14 2015"]
[Site "Verden/Aller GER"]
[Date "2015.12.29"]
[Round "5"]
[White "Häusler, Luis"]
[Black "Köhler, Inken"]
[Result "0-1"]
[Termination "normal"]
[Board "2.3"]
[WhiteElo "1390"]
[BlackElo "1836"]
[WhiteTeam "Spvgg 1946 Stetten"]
[BlackTeam "TuRa Harksheide Norderstedt"]
[PlyCount "50"]
[WhiteFideId "12942928"]
[BlackFideId "12929301"]
[EventCountry "GER"]
[EventRounds "7"]
[EventType "team-swiss"]
[EventDate "2015.12.26"]

1. e4 c5 2. Nf3 e6 3. d4 cxd4 4. Nxd4 a6 5. Nc3 Qc7 6. Be3 Nf6 7. f3 Bd6 8. Qd2
Bb4 9. Bd3 O-O 10. g4 Nc6 11. h4 Nxd4 12. Bxd4 e5 13. Be3 d5 14. a3 Bxc3 15.
Qxc3 Qxc3+ 16. bxc3 dxe4 17. Bxe4 Nxe4 18. fxe4 Bxg4 19. Rg1 h5 20. Rb1 Rac8
21. Bd2 Rc4 22. Rxb7 Rxe4+ 23. Kf1 Rd8 24. Bg5 Rd1+ 25. Kg2 Re2+ 0-1

[Event "DVM U14 2015"]
[Site "Verden/Aller GER"]
[Date "2015.12.29"]
[Round "5"]
[White "Bahde, Thiemo"]
[Black "Binner, Jule"]
[Result "0-1"]
[Termination "normal"]
[Board "2.4"]
[WhiteElo "1113"]
[BlackElo "1393"]
[WhiteTeam "TuRa Harksheide Norderstedt"]
[BlackTeam "Spvgg 1946 Stetten"]
[PlyCount "84"]
[WhiteFideId "16205537"]
[BlackFideId "16205332"]
[EventCountry "GER"]
[EventRounds "7"]
[EventType "team-swiss"]
[EventDate "2015.12.26"]

1. e4 c5 2. Bc4 d6 3. Nc3 a6 4. Nf3 Nf6 5. O-O e6 6. a3 Nc6 7. d3 b5 8. Ba2 Bb7
9. Re1 Be7 10. Bf4 d5 11. exd5 exd5 12. Ne2 O-O 13. Ng3 Qd7 14. Qd2 c4 15. d4
Rfe8 16. Ne5 Nxe5 17. Rxe5 Bd6 18. Rxe8+ Rxe8 19. Bxd6 Qxd6 20. Re1 Rxe1+ 21.
Qxe1 h6 22. Qe2 Qf4 23. Qe3 Qg4 24. Qd2 Ne4 25. h3 Nxd2 26. hxg4 Ne4 27. Nxe4
dxe4 28. Kf1 Bc8 29. f3 exf3 30. gxf3 f5 31. gxf5 Bxf5 32. c3 Kf7 33. b3 g5 34.
d5 Ke7 35. bxc4 Bd3+ 36. Kg2 bxc4 37. Kg3 h5 38. Kh3 Kd6 39. f4 gxf4 40. Kg2
Kxd5 41. Kf3 Ke5 42. Kg2 Ke4 0-1

[Event "DVM U14 2015"]
[Site "Verden/Aller GER"]
[Date "2015.12.29"]
[Round "5"]
[White "Browning, Alex"]
[Black "Wiesner, Alexander"]
[Result "1-0"]
[Termination "normal"]
[Board "3.1"]
[WhiteElo "1933"]
[BlackElo "1886"]
[WhiteTeam "Märkischer Springer Halver-Schalksmühle"]
[BlackTeam "Karlsruher SF 1853"]
[PlyCount "111"]
[WhiteFideId "12984019"]
[BlackFideId "12943991"]
[EventCountry "GER"]
[EventRounds "7"]
[EventType "team-swiss"]
[EventDate "2015.12.26"]

1. e4 c5 2. Nf3 Nc6 3. c3 d5 4. exd5 Qxd5 5. d4 cxd4 6. cxd4 e5 7. Nc3 Bb4 8.
Bd2 Bxc3 9. Bxc3 e4 10. Ne5 Nxe5 11. dxe5 Ne7 12. Qe2 Bf5 13. Rd1 Qc5 14. Qc4
Qxc4 15. Bxc4 Nc6 16. Ke2 Ke7 17. Ke3 Rhd8 18. Bd5 g5 19. Bxe4 Ke6 20. f4 Bxe4
21. Kxe4 gxf4 22. Kxf4 b5 23. b3 Rac8 24. Ke4 Ne7 25. Rxd8 Rxd8 26. Rc1 Rc8 27.
Bb2 Rd8 28. Bd4 a5 29. g4 Rd5 30. Rf1 Rd8 31. Rf6+ Kd7 32. Rxf7 Rc8 33. Rxh7
Rc2 34. h4 Ke6 35. Rh6+ Kf7 36. Rf6+ Kg8 37. Rf2 Rc1 38. h5 Re1+ 39. Kf4 Nc6
40. Rd2 Nb4 41. Bc3 Rf1+ 42. Kg5 Nc6 43. Rd6 Ne7 44. e6 b4 45. Rd8+ Rf8 46.
Rxf8+ Kxf8 47. Bf6 Nd5 48. e7+ Kf7 49. Bd4 Nc3 50. a3 Ne4+ 51. Kf4 Nd6 52. axb4
axb4 53. Bc5 Ne8 54. Bxb4 Nf6 55. Ba3 Nd5+ 56. Kg5 1-0

[Event "DVM U14 2015"]
[Site "Verden/Aller GER"]
[Date "2015.12.29"]
[Round "5"]
[White "Chernykh, Arkady"]
[Black "Scholz, Sebastian"]
[Result "1-0"]
[Termination "normal"]
[Board "3.2"]
[WhiteElo "1822"]
[BlackElo "1744"]
[WhiteTeam "Karlsruher SF 1853"]
[BlackTeam "Märkischer Springer Halver-Schalksmühle"]
[PlyCount "55"]
[WhiteFideId "12989436"]
[BlackFideId "16202597"]
[EventCountry "GER"]
[EventRounds "7"]
[EventType "team-swiss"]
[EventDate "2015.12.26"]

1. d4 Nf6 2. Nf3 e6 3. e3 d5 4. Bd3 Bd6 5. b3 O-O 6. Nbd2 c5 7. Bb2 Nc6 8. a3
a6 9. Ne5 cxd4 10. exd4 Nd7 11. Qh5 g6 12. Qe2 Re8 13. h4 Ndxe5 14. dxe5 Bf8
15. h5 Bg7 16. hxg6 hxg6 17. f4 Bd7 18. Nf3 Ne7 19. Ng5 Bb5 20. Rd1 Nf5 21. Qf2
Bxd3 22. Rxd3 Rc8 23. g4 Ne7 24. Rdh3 Qc7 25. Rh8+ Bxh8 26. Rxh8+ Kg7 27. Rh7+
Kg8 28. Qh4 1-0

[Event "DVM U14 2015"]
[Site "Verden/Aller GER"]
[Date "2015.12.29"]
[Round "5"]
[White "Kölz, Niklas"]
[Black "Koll, Lukas"]
[Result "0-1"]
[Termination "normal"]
[Board "3.3"]
[WhiteElo "1703"]
[BlackElo "1633"]
[WhiteTeam "Märkischer Springer Halver-Schalksmühle"]
[BlackTeam "Karlsruher SF 1853"]
[PlyCount "132"]
[WhiteFideId "12971758"]
[BlackFideId "12969737"]
[EventCountry "GER"]
[EventRounds "7"]
[EventType "team-swiss"]
[EventDate "2015.12.26"]

1. e4 c6 2. d4 d5 3. exd5 cxd5 4. c4 Nf6 5. Nc3 e6 6. a3 a6 7. c5 Bd7 8. Bf4
Ne4 9. Qd3 Bc6 10. f3 Nxc3 11. Qxc3 Be7 12. Qe3 h6 13. Nh3 Nd7 14. Bd3 Nf6 15.
g4 Nh7 16. Bxh7 Rxh7 17. g5 hxg5 18. Nxg5 Bxg5 19. Bxg5 Qd7 20. Kf2 f6 21. Bf4
Kf7 22. Rag1 Rh5 23. Qd3 Rf5 24. Rg4 Rh8 25. Rhg1 Rh7 26. h4 Ba4 27. b3 Qb5 28.
Qxb5 Bxb5 29. Re1 Rfh5 30. Kg3 Bd3 31. Kf2 Rxh4 32. Rxh4 Rxh4 33. Bd6 Rxd4 34.
Ke3 e5 35. c6 bxc6 36. Bc5 Rf4 37. Kxd3 Rxf3+ 38. Kc2 d4 39. Bb4 c5 40. Bd2 Ke6
41. Rb1 e4 42. Kd1 Rf1+ 43. Be1 Kd5 44. Ke2 Rf3 45. b4 Rxa3 46. bxc5 Ra2+ 47.
Kd1 Kxc5 48. Rc1+ Kd5 49. Rc7 g5 50. Rd7+ Ke5 51. Bg3+ Kf5 52. Rxd4 Ra3 53. Bd6
Rd3+ 54. Rxd3 exd3 55. Kd2 Ke4 56. Be7 g4 57. Bxf6 g3 58. Bh4 g2 59. Bf2 a5 60.
Ke1 a4 61. Bc5 a3 62. Kd2 a2 63. Bd4 Kxd4 64. Kd1 a1=Q+ 65. Kd2 Qb2+ 66. Kd1
g1=Q# 0-1

[Event "DVM U14 2015"]
[Site "Verden/Aller GER"]
[Date "2015.12.29"]
[Round "5"]
[White "Fidlin, Simon"]
[Black "Browning, Rebecca"]
[Result "1-0"]
[Termination "normal"]
[Board "3.4"]
[WhiteElo "1450"]
[BlackElo "1589"]
[WhiteTeam "Karlsruher SF 1853"]
[BlackTeam "Märkischer Springer Halver-Schalksmühle"]
[PlyCount "119"]
[WhiteFideId "16217535"]
[BlackFideId "12984027"]
[EventCountry "GER"]
[EventRounds "7"]
[EventType "team-swiss"]
[EventDate "2015.12.26"]

1. e4 e6 2. d4 d5 3. Nc3 c5 4. exd5 Nf6 5. Bb5+ Bd7 6. dxe6 fxe6 7. Bxd7+ Qxd7
8. dxc5 Qxd1+ 9. Nxd1 Bxc5 10. Be3 Bd6 11. Nf3 O-O 12. Nc3 Ng4 13. Bd2 Nc6 14.
Ne4 Bc7 15. O-O-O Nce5 16. Nxe5 Nxe5 17. f3 Rac8 18. Bb4 Rfe8 19. Rhe1 Nc4 20.
b3 a5 21. Bd6 Nb6 22. Bxc7 Rxc7 23. Nd6 Ree7 24. Nb5 Rc5 25. Nd4 Kf7 26. Kb2 a4
27. Re4 e5 28. Nf5 Rec7 29. Rd2 Kf6 30. Ne3 R7c6 31. Re2 h5 32. Rd2 Rc3 33. Re2
R3c5 34. Rb4 Ke6 35. g4 g6 36. gxh5 gxh5 37. Rh4 Rb5 38. Rd2 axb3 39. axb3 Rc8
40. Rxh5 Na4+ 41. Ka3 Nc3 42. Rh6+ Kf7 43. Rd7+ Ke8 44. Rg7 Ra5+ 45. Kb2 Ra2+
46. Kc1 Ra1+ 47. Kd2 Nb1+ 48. Kd3 Rd8+ 49. Ke4 Nd2+ 50. Kf5 Kf8 51. Rxb7 Kg8
52. Ng4 Ne4 53. Kxe4 Rd4+ 54. Kxe5 Rxg4 55. fxg4 Re1+ 56. Kf5 Rf1+ 57. Kg5 Rf8
58. Rg6+ Kh8 59. Kh6 Rf7 60. Rb8+ 1-0

[Event "DVM U14 2015"]
[Site "Verden/Aller GER"]
[Date "2015.12.29"]
[Round "5"]
[White "Kesselmeier, Kevin"]
[Black "Garbuz, Vitaliy"]
[Result "1-0"]
[Termination "normal"]
[Board "4.1"]
[WhiteElo "1660"]
[BlackElo "1882"]
[WhiteTeam "SK Blauer Springer Paderborn 1926"]
[BlackTeam "SF Brackel 1930"]
[PlyCount "107"]
[WhiteFideId "16217551"]
[BlackFideId "12990710"]
[EventCountry "GER"]
[EventRounds "7"]
[EventType "team-swiss"]
[EventDate "2015.12.26"]

1. e4 e5 2. Nf3 Nc6 3. Bb5 Nge7 4. O-O g6 5. c3 Bg7 6. d4 exd4 7. cxd4 d5 8.
exd5 Nxd5 9. Bxc6+ bxc6 10. Re1+ Be6 11. Ng5 Qd7 12. Nc3 Ne7 13. Nxe6 fxe6 14.
Qg4 Nf5 15. Be3 O-O 16. Rad1 Qf7 17. Rd2 e5 18. dxe5 Bxe5 19. Bg5 Bxc3 20. bxc3
Rfe8 21. Red1 Nd6 22. Bf4 Re4 23. g3 Rae8 24. Kg2 R8e7 25. Qf3 Nc4 26. Rd8+ Kg7
27. Qg4 Qf5 28. Qh4 h5 29. Qg5 Qxg5 30. Bxg5 Rf7 31. R8d7 Ne5 32. Rxf7+ Nxf7
33. Be3 Ra4 34. Rd7 Rxa2 35. Rxc7 Ra6 36. Rxa7 Rxa7 37. Bxa7 Kf6 38. Bd4+ Ke6
39. h4 Kd5 40. Kf3 Ke6 41. Kf4 Nd6 42. f3 Nf5 43. Bf2 Ne7 44. Kg5 Kf7 45. g4
hxg4 46. fxg4 Nd5 47. Bd4 Nc7 48. h5 Ne6+ 49. Kh4 gxh5 50. gxh5 Nf8 51. Kg5
Nh7+ 52. Kf5 Nf8 53. h6 Kg8 54. Bg7 1-0

[Event "DVM U14 2015"]
[Site "Verden/Aller GER"]
[Date "2015.12.29"]
[Round "5"]
[White "Salem Elier, Ali"]
[Black "Schlangenotto, Niklas"]
[Result "1-0"]
[Termination "normal"]
[Board "4.2"]
[WhiteElo "1567"]
[BlackElo "1661"]
[WhiteTeam "SF Brackel 1930"]
[BlackTeam "SK Blauer Springer Paderborn 1926"]
[PlyCount "135"]
[WhiteFideId "16217543"]
[BlackFideId "16217560"]
[EventCountry "GER"]
[EventRounds "7"]
[EventType "team-swiss"]
[EventDate "2015.12.26"]

1. e4 e6 2. d4 d5 3. Nd2 a6 4. g3 Nf6 5. e5 Nfd7 6. f4 c5 7. c3 Nc6 8. Ndf3 Be7
9. Bd3 O-O 10. Kf2 Qb6 11. Kg2 f6 12. h4 h6 13. Bc2 c4 14. g4 fxe5 15. fxe5
Ndxe5 16. dxe5 Nxe5 17. g5 Ng4 18. Qd4 Qxd4 19. cxd4 b5 20. Bd2 Bb7 21. Kg3 h5
22. Bg6 Bd6+ 23. Kg2 Bf4 24. Bxh5 Ne3+ 25. Bxe3 Bxe3 26. Re1 Bxg1 27. Rhxg1 Bc8
28. Re2 Ra7 29. Kg3 a5 30. Ne5 b4 31. Rgg2 c3 32. bxc3 bxc3 33. Re3 Rc7 34. Rc2
Kh7 35. Rexc3 Rxc3+ 36. Rxc3 Ba6 37. Ra3 Bc4 38. Rxa5 Rb8 39. Ra3 Rc8 40. Bf7
Be2 41. Bxe6 Rf8 42. Re3 Bh5 43. Bxd5 g6 44. Ng4 Bxg4 45. Kxg4 Rd8 46. Re5 Kh8
47. a4 Rd6 48. Kf4 Ra6 49. Bb3 Ra7 50. Ke4 Re7 51. Bc2 Rd7 52. Re6 Kg7 53. Ke5
Ra7 54. Rxg6+ Kf7 55. Rf6+ Ke7 56. d5 Ra5 57. g6 Rxd5+ 58. Kxd5 Kxf6 59. a5 Ke7
60. a6 Kf6 61. a7 Ke7 62. a8=Q Kd7 63. Qc6+ Ke7 64. Qe6+ Kd8 65. g7 Kc7 66. Kc5
Kb8 67. Kb6 Ka8 68. g8=Q# 1-0

[Event "DVM U14 2015"]
[Site "Verden/Aller GER"]
[Date "2015.12.29"]
[Round "5"]
[White "Wanke, Mathis"]
[Black "Kartsev, Nikolaj"]
[Result "1/2-1/2"]
[Termination "normal"]
[Board "4.3"]
[WhiteElo "1544"]
[BlackElo "1700"]
[WhiteTeam "SK Blauer Springer Paderborn 1926"]
[BlackTeam "SF Brackel 1930"]
[PlyCount "117"]
[WhiteFideId "16217578"]
[BlackFideId "12939536"]
[EventCountry "GER"]
[EventRounds "7"]
[EventType "team-swiss"]
[EventDate "2015.12.26"]

1. d4 Nf6 2. Nf3 e6 3. c3 d5 4. Bf4 Bd6 5. Bg3 Nbd7 6. e3 Qe7 7. Nbd2 e5 8.
dxe5 Nxe5 9. Nxe5 Bxe5 10. Bxe5 Qxe5 11. Nf3 Qe7 12. Bd3 Be6 13. Ng5 c5 14.
Nxe6 fxe6 15. O-O O-O-O 16. Qc2 Kb8 17. Rfc1 b6 18. Qa4 Rhf8 19. Be2 Ne4 20. f3
Qg5 21. f4 Qh4 22. Rf1 d4 23. Qc2 Nf6 24. g3 Qh3 25. exd4 cxd4 26. Rad1 Nd5 27.
Qe4 Ne3 28. Bf3 Rf7 29. Bg2 Qf5 30. Rxd4 Rxd4 31. Qxd4 Nd5 32. Re1 Rd7 33. Qe4
Qxe4 34. Bxe4 Nf6 35. Bb1 h6 36. Kf1 Rd2 37. Re2 Rd1+ 38. Re1 Rd2 39. b3 Rxh2
40. Rd1 Rh1+ 41. Ke2 Rxd1 42. Kxd1 Nh5 43. Bd3 Nxg3 44. Kd2 Kc7 45. Ke3 Nf5+
46. Ke4 Kd6 47. c4 h5 48. b4 a6 49. c5+ bxc5 50. bxc5+ Kxc5 51. Bxa6 h4 52. Kf3
Kd4 53. Bf1 Kc3 54. a4 Kb4 55. Bb5 h3 56. Bd7 Nd4+ 57. Kg3 Ne2+ 58. Kxh3 Nxf4+
59. Kg4 1/2-1/2

[Event "DVM U14 2015"]
[Site "Verden/Aller GER"]
[Date "2015.12.29"]
[Round "5"]
[White "Kracht, Raphael"]
[Black "Müller, Noah"]
[Result "1-0"]
[Termination "normal"]
[Board "4.4"]
[WhiteElo "1689"]
[BlackElo "1619"]
[WhiteTeam "SF Brackel 1930"]
[BlackTeam "SK Blauer Springer Paderborn 1926"]
[PlyCount "99"]
[WhiteFideId "16214382"]
[BlackFideId "16217586"]
[EventCountry "GER"]
[EventRounds "7"]
[EventType "team-swiss"]
[EventDate "2015.12.26"]

1. e4 d5 2. exd5 Qxd5 3. Nc3 Qa5 4. Nf3 Nf6 5. Be2 Bf5 6. b4 Qb6 7. O-O e6 8.
Rb1 c6 9. b5 Qc7 10. Nd4 Bg6 11. Bf3 Nd5 12. Re1 Be7 13. bxc6 bxc6 14. Qe2 Nxc3
15. dxc3 O-O 16. Be3 Rc8 17. Qc4 Qd7 18. Red1 Qe8 19. Rd2 Bf6 20. Rb7 Bd8 21.
h3 h6 22. Qa4 Bb6 23. Rxb6 axb6 24. Qxa8 Nd7 25. Qa7 Ne5 26. Qa4 Ra8 27. Qb3
Nxf3+ 28. Nxf3 b5 29. Bd4 Qc8 30. Kf1 Qa6 31. Ne5 Bf5 32. Ke1 Be4 33. f3 Bd5
34. Qb4 Qb7 35. a3 Qc7 36. Kf2 Rc8 37. Nd3 Bc4 38. Qc5 Ra8 39. Qe5 Qxe5 40.
Nxe5 Bd5 41. Bc5 f6 42. Nd7 Rd8 43. Nb6 Kf7 44. Nxd5 exd5 45. Re2 Rd7 46. Ke3
g5 47. Kd4 Rb7 48. Bb4 f5 49. Kc5 Rc7 50. Kd6 1-0

[Event "DVM U14 2015"]
[Site "Verden/Aller GER"]
[Date "2015.12.29"]
[Round "5"]
[White "Tong, Kevin"]
[Black "Askerov, Imamali"]
[Result "1-0"]
[Termination "normal"]
[Board "5.1"]
[WhiteElo "2033"]
[BlackElo "1883"]
[WhiteTeam "SC Erlangen 48/88"]
[BlackTeam "Post SV Uelzen"]
[PlyCount "59"]
[WhiteFideId "12913944"]
[BlackFideId "12974498"]
[EventCountry "GER"]
[EventRounds "7"]
[EventType "team-swiss"]
[EventDate "2015.12.26"]

1. e4 c5 2. Nf3 Nc6 3. d4 cxd4 4. Nxd4 g6 5. c4 Bg7 6. Be3 d6 7. Nc3 Nf6 8. Be2
O-O 9. O-O Bd7 10. Rc1 Rc8 11. b3 Ne5 12. h3 Re8 13. f4 Nc6 14. Bf3 e6 15. Ndb5
Rf8 16. Nxd6 Rb8 17. e5 Ne8 18. Nce4 Nxd6 19. Qxd6 Qa5 20. Qd2 Qc7 21. Bc5 Rbd8
22. Bxf8 Bxf8 23. Rcd1 Kg7 24. Kh1 Bb4 25. Qf2 Ne7 26. Rd3 Rc8 27. Rfd1 Bc6 28.
Nd6 Ra8 29. Bxc6 Qxc6 30. Qf3 1-0

[Event "DVM U14 2015"]
[Site "Verden/Aller GER"]
[Date "2015.12.29"]
[Round "5"]
[White "von Estorff, Jacob"]
[Black "Haas, Maximilian"]
[Result "0-1"]
[Termination "normal"]
[Board "5.2"]
[WhiteElo "1841"]
[BlackElo "1650"]
[WhiteTeam "Post SV Uelzen"]
[BlackTeam "SC Erlangen 48/88"]
[PlyCount "140"]
[WhiteFideId "12974501"]
[BlackFideId "12959219"]
[EventCountry "GER"]
[EventRounds "7"]
[EventType "team-swiss"]
[EventDate "2015.12.26"]

1. e4 e6 2. d4 d5 3. e5 c5 4. c3 Qb6 5. Nf3 Nc6 6. Be2 Bd7 7. O-O Nge7 8. dxc5
Qc7 9. Bb5 Ng6 10. Bxc6 Bxc6 11. b4 Nxe5 12. Bf4 Nxf3+ 13. Qxf3 Qd7 14. Nd2 Be7
15. Qg3 O-O 16. Rad1 f6 17. c4 Ba4 18. Nb3 Bxb3 19. Qxb3 d4 20. Bg3 a5 21. a3
Rfd8 22. Rfe1 Kf7 23. Qd3 h6 24. Re4 axb4 25. axb4 Ra4 26. Qb3 Raa8 27. h3 Qa4
28. Qb1 d3 29. Kh2 Qc2 30. Re3 Rd4 31. Rc1 Qxb1 32. Rxb1 d2 33. Rd1 Ra2 34. Re2
Rxc4 35. Rexd2 Rxd2 36. Rxd2 Rxb4 37. Rd7 Ke8 38. Rc7 e5 39. c6 Kd8 40. Rd7+
Ke8 41. Rc7 bxc6 42. Rxc6 Kd7 43. Ra6 Rb7 44. Ra4 Ke6 45. f4 Kf5 46. Ra5 Bb4
47. Rd5 Ke4 48. Rd1 exf4 49. Bf2 Bc3 50. Rc1 Be5 51. Kh1 Rb2 52. Bg1 Re2 53.
Rb1 g5 54. Bb6 h5 55. Bg1 g4 56. hxg4 hxg4 57. Rb4+ Kf5 58. Rb1 f3 59. Rf1 Kg5
60. gxf3 g3 61. f4+ Bxf4 62. Rxf4 Kxf4 63. Bd4 Kf3 64. Bc5 Re1+ 65. Bg1 Rxg1+
66. Kxg1 g2 67. Kh2 Kf2 68. Kh3 g1=Q 69. Kh4 Qg3+ 70. Kh5 Qg5# 0-1

[Event "DVM U14 2015"]
[Site "Verden/Aller GER"]
[Date "2015.12.29"]
[Round "5"]
[White "Grüninger, Maxim"]
[Black "Knüdel, Torben"]
[Result "0-1"]
[Termination "normal"]
[Board "5.3"]
[WhiteElo "1579"]
[BlackElo "1697"]
[WhiteTeam "SC Erlangen 48/88"]
[BlackTeam "Post SV Uelzen"]
[PlyCount "67"]
[WhiteFideId "12942960"]
[BlackFideId "16208820"]
[EventCountry "GER"]
[EventRounds "7"]
[EventType "team-swiss"]
[EventDate "2015.12.26"]

1. e4 e6 2. d4 d5 3. Bd3 dxe4 4. Bxe4 Nf6 5. Bf3 c5 6. Ne2 Nc6 7. Be3 Nd5 8. c4
Nxe3 9. fxe3 Qb6 10. Qd2 Be7 11. O-O cxd4 12. Bxc6+ bxc6 13. exd4 Ba6 14. b3
Rd8 15. Kh1 Bf6 16. Rd1 c5 17. Na3 Bxd4 18. Nxd4 Rxd4 19. Qg5 O-O 20. Rd2 f6
21. Qe3 Rfd8 22. Rad1 e5 23. Nc2 Rxd2 24. Rxd2 Kf7 25. h3 Rxd2 26. Qxd2 Qe6 27.
Ne3 Bb7 28. Qa5 Qxh3+ 29. Kg1 Qxe3+ 30. Kh2 Qf4+ 31. Kg1 Qe4 32. Qd2 Qxg2+ 33.
Qxg2 Bxg2 34. Kxg2 0-1

[Event "DVM U14 2015"]
[Site "Verden/Aller GER"]
[Date "2015.12.29"]
[Round "5"]
[White "Rothenberg, Jannik"]
[Black "Richardt, Josia"]
[Result "1-0"]
[Termination "normal"]
[Board "5.4"]
[WhiteElo "1430"]
[BlackElo "1246"]
[WhiteTeam "Post SV Uelzen"]
[BlackTeam "SC Erlangen 48/88"]
[PlyCount "113"]
[WhiteFideId "16204743"]
[BlackFideId "16217594"]
[EventCountry "GER"]
[EventRounds "7"]
[EventType "team-swiss"]
[EventDate "2015.12.26"]

1. d4 e6 2. c4 Bb4+ 3. Bd2 Qe7 4. Qc2 f5 5. Nf3 b6 6. a3 Bxd2+ 7. Nbxd2 d6 8.
O-O-O Bb7 9. e4 fxe4 10. Nxe4 Nf6 11. Bd3 Nbd7 12. Rhe1 O-O 13. Nxf6+ Nxf6 14.
Ng5 Bc8 15. Bxh7+ Kh8 16. Bf5 Ne4 17. Qxe4 Qxg5+ 18. f4 Qxf5 19. Qxa8 Qxf4+ 20.
Kb1 a5 21. Qc6 Qf7 22. c5 bxc5 23. dxc5 d5 24. Qb5 Qf5+ 25. Ka1 Qc2 26. Rf1 Rd8
27. Qxa5 Qxg2 28. Qxc7 Rg8 29. Qe5 Qg6 30. Rg1 Qh6 31. Rg5 Rf8 32. Rh5 Qxh5 33.
Qxh5+ Kg8 34. Qg5 Rf5 35. Qg3 Rf8 36. Rg1 Rf7 37. h4 Kf8 38. Qg2 Ke8 39. Rf1
Re7 40. Qg6+ Kd8 41. Rf8+ Kd7 42. Rf7 Rxf7 43. Qxf7+ Kc6 44. Qxg7 Ba6 45. b4
Be2 46. Qe5 Bg4 47. h5 Bf5 48. h6 Kb5 49. Qxf5 exf5 50. h7 f4 51. h8=Q f3 52.
Qf6 f2 53. Kb2 f1=Q 54. Qxf1+ Kc6 55. Qf6+ Kb5 56. Kb3 d4 57. Qb6# 1-0

[Event "DVM U14 2015"]
[Site "Verden/Aller GER"]
[Date "2015.12.29"]
[Round "5"]
[White "Silber, Kevin"]
[Black "Kunath, Tim"]
[Result "1/2-1/2"]
[Termination "normal"]
[Board "6.1"]
[WhiteElo "1836"]
[BlackElo "1769"]
[WhiteTeam "Delmenhorster SK V 1931"]
[BlackTeam "TuS Coswig 1920"]
[PlyCount "93"]
[WhiteFideId "12930440"]
[BlackFideId "12985074"]
[EventCountry "GER"]
[EventRounds "7"]
[EventType "team-swiss"]
[EventDate "2015.12.26"]

1. e4 c6 2. Nc3 d5 3. Nf3 Bg4 4. h3 Bxf3 5. Qxf3 e6 6. d4 Nf6 7. e5 Nfd7 8. Be3
c5 9. Qg3 cxd4 10. Bxd4 Nc6 11. O-O-O Nxd4 12. Rxd4 g6 13. Be2 Bc5 14. Rdd1 a6
15. h4 Qc7 16. f4 O-O-O 17. Na4 Ba7 18. Kb1 Kb8 19. Qb3 Ka8 20. Rh3 Rc8 21. Rc3
Qa5 22. Rxc8+ Rxc8 23. c4 dxc4 24. Bxc4 Nc5 25. Nxc5 Qxc5 26. Be2 Qe3 27. Bf3
Qxb3 28. axb3 Bb6 29. Rd6 Ka7 30. Rd7 Rc7 31. Rxc7 Bxc7 32. Kc2 Kb6 33. Kd3 Bd8
34. h5 Be7 35. hxg6 hxg6 36. g4 g5 37. f5 exf5 38. gxf5 f6 39. Kd4 Kc7 40. Kd5
Kd7 41. b4 b6 42. b5 a5 43. Kd4 fxe5+ 44. Kxe5 Ke8 45. Ke6 Kf8 46. f6 Bc5 47.
Kf5 1/2-1/2

[Event "DVM U14 2015"]
[Site "Verden/Aller GER"]
[Date "2015.12.29"]
[Round "5"]
[White "Lehne, Arwin Hugo"]
[Black "Sinnhöfer, Jonas"]
[Result "0-1"]
[Termination "normal"]
[Board "6.2"]
[WhiteElo "1437"]
[BlackElo "1741"]
[WhiteTeam "TuS Coswig 1920"]
[BlackTeam "Delmenhorster SK V 1931"]
[PlyCount "136"]
[WhiteFideId "12985090"]
[BlackFideId "12982938"]
[EventCountry "GER"]
[EventRounds "7"]
[EventType "team-swiss"]
[EventDate "2015.12.26"]

1. d4 d5 2. Nf3 e6 3. Bf4 Nf6 4. e3 c5 5. c4 Nc6 6. Nc3 a6 7. Ne5 Be7 8. Nxc6
bxc6 9. dxc5 Bxc5 10. Be2 O-O 11. O-O Nd7 12. Na4 Ba7 13. Qc2 Nb6 14. Nxb6 Qxb6
15. a3 Re8 16. b4 f6 17. Bd3 h6 18. Bh7+ Kh8 19. Qg6 Qd8 20. Bxh6 gxh6 21. Qxh6
Re7 22. Bc2+ Kg8 23. Qxf6 Qc7 24. Qg6+ Kf8 25. Qf6+ Ke8 26. Bg6+ Kd8 27. cxd5
exd5 28. e4 d4 29. Qf8+ Kd7 30. Bf5+ Kd6 31. Qf6+ Be6 32. Bxe6 Rxe6 33. Qf4+
Re5 34. Qf6+ Kd7 35. Rfe1 Rae8 36. f3 Kc8 37. g3 Kb7 38. Kg2 Qb6 39. Rad1 Qb5
40. Rd2 Qa4 41. Qf7+ R5e7 42. Qa2 Rg7 43. Red1 Rh8 44. Rd3 Qb5 45. Qe2 Qh5 46.
Kf1 Rxg3 47. Ke1 Qh3 48. hxg3 Qxg3+ 49. Kd2 Rh2 50. Qxh2 Qxh2+ 51. Kc1 Qa2 52.
R1d2 Qa1+ 53. Kc2 Kc7 54. Rd1 Qa2+ 55. Kc1 c5 56. bxc5 Bxc5 57. R1d2 Qa1+ 58.
Kc2 Kd6 59. f4 Ke6 60. Rb3 Qa2+ 61. Rb2 Qxa3 62. Rd3 Qa4+ 63. Kd2 Qe8 64. Rc2
Bb4+ 65. Kc1 Qa4 66. Rb2 Ba3 67. Rxa3 Qxa3 68. Kb1 Qd3+ 0-1

[Event "DVM U14 2015"]
[Site "Verden/Aller GER"]
[Date "2015.12.29"]
[Round "5"]
[White "Petri, Ben-Luca"]
[Black "von Koslowski, Wilhelm"]
[Result "0-1"]
[Termination "normal"]
[Board "6.3"]
[WhiteElo "1530"]
[BlackElo "1526"]
[WhiteTeam "Delmenhorster SK V 1931"]
[BlackTeam "TuS Coswig 1920"]
[PlyCount "58"]
[WhiteFideId "12947261"]
[BlackFideId "12985147"]
[EventCountry "GER"]
[EventRounds "7"]
[EventType "team-swiss"]
[EventDate "2015.12.26"]

1. e4 d5 2. exd5 Qxd5 3. Nc3 Qa5 4. d4 c6 5. Nf3 Nf6 6. Ne5 Bf5 7. Nc4 Qc7 8.
g3 e6 9. Bf4 Qd8 10. Bg2 Be7 11. O-O O-O 12. Qd2 Nd5 13. Nxd5 cxd5 14. Ne3 Bg6
15. Rac1 Nc6 16. Rfd1 b5 17. b3 Rc8 18. c4 Ba3 19. Ra1 Bb4 20. Qb2 Qa5 21. cxd5
Bc3 22. Qe2 Nxd4 23. Qg4 Bxa1 24. Rxa1 Qd2 25. Rd1 Rc1 26. Bf3 Nxf3+ 27. Qxf3
Be4 28. Qg4 Rxd1+ 29. Nxd1 Qe1# 0-1

[Event "DVM U14 2015"]
[Site "Verden/Aller GER"]
[Date "2015.12.29"]
[Round "5"]
[White "Mallon, Frederik"]
[Black "Rautenberg, Jakob"]
[Result "1/2-1/2"]
[Termination "normal"]
[Board "6.4"]
[WhiteElo "1397"]
[BlackElo "1364"]
[WhiteTeam "TuS Coswig 1920"]
[BlackTeam "Delmenhorster SK V 1931"]
[PlyCount "80"]
[WhiteFideId "12985104"]
[BlackFideId "16214749"]
[EventCountry "GER"]
[EventRounds "7"]
[EventType "team-swiss"]
[EventDate "2015.12.26"]

1. d4 d5 2. c4 e6 3. Nf3 Nf6 4. Bg5 Be7 5. Nc3 O-O 6. Rc1 b6 7. e3 Nbd7 8. Bd3
Bb7 9. O-O c5 10. cxd5 exd5 11. Qe2 Re8 12. Rc2 Rc8 13. Rfc1 h6 14. Bf4 Nf8 15.
Bb5 N6d7 16. Ne5 cxd4 17. exd4 Bd6 18. Qd2 Bxe5 19. Bxe5 a6 20. Bxd7 Nxd7 21.
Bg3 Nf6 22. f3 Qd7 23. Bh4 Nh7 24. Re1 Nf8 25. Rcc1 Ne6 26. Re3 Qc6 27. b3 Qd6
28. Rce1 Rc6 29. Bg3 Qb4 30. Qd3 Rec8 31. Nxd5 Qa3 32. Bf2 Rd8 33. Re5 Rc1 34.
Rxc1 Qxc1+ 35. Re1 Qa3 36. Nxb6 Qxa2 37. Nc4 Bd5 38. Re2 Qa1+ 39. Re1 Qa2 40.
Re2 Qa1+ 1/2-1/2